El otro sendero : (Record no. 13848)
[ view plain ]
| 000 -CABECERA | |
|---|---|
| campo de control de longitud fija | 00904cam a2200241 a 4500 |
| 001 - NÚMERO DE CONTROL | |
| campo de control | 000014250 |
| 005 - FECHA Y HORA DE LA ÚLTIMA TRANSACCIÓN | |
| campo de control | 20200929163535.0 |
| 008 - DATOS DE LONGITUD FIJA--INFORMACIÓN GENERAL | |
| campo de control de longitud fija | 870415s1987 mx a b 000 0 spa |
| 020 ## - NÚMERO INTERNACIONAL ESTÁNDAR DEL LIBRO | |
| Número Internacional Estándar del Libro | 9681317696 |
| 040 ## - FUENTE DE LA CATALOGACIÓN | |
| Centro catalogador/agencia de origen | DO-SdBNP |
| Lengua de catalogación | spa |
| Centro/agencia transcriptor | LC |
| Centro/agencia modificador | BNPHU |
| 082 ## - NÚMERO DE LA CLASIFICACIÓN DECIMAL DEWEY | |
| Número de clasificación | 381.0985 |
| Número de documento/Ítem | S718ó |
| 049 ## - FONDOS LOCALES (OCLC) | |
| Fondos de biblioteca | BNGR |
| 100 1# - ENTRADA PRINCIPAL--NOMBRE DE PERSONA | |
| Nombre de persona | Soto, Hernando de, |
| Fechas asociadas al nombre | 1941- |
| 9 (RLIN) | 32176 |
| 245 13 - MENCIÓN DE TÍTULO | |
| Título | El otro sendero : |
| Resto del título | la revolución informal / |
| Mención de responsabilidad, etc. | Hernando de Soto ; colaboración Enrique Ghersi, Mario Ghibellini y el Instituto Libertad y Democracia (ILD) ; prólogo Mario Vargas Llosa. |
| 260 ## - PUBLICACIÓN, DISTRIBUCIÓN, ETC. | |
| Lugar de publicación, distribución, etc. | México, D. F. : |
| Nombre del editor, distribuidor, etc. | Diana, |
| Fecha de publicación, distribución, etc. | 1987. |
| 300 ## - DESCRIPCIÓN FÍSICA | |
| Extensión | xxxvi, 317 p. : |
| Otras características físicas | il. ; |
| Dimensiones | 24 cm. |
| 651 #4 - PUNTO DE ACCESO ADICIONAL DE MATERIA--NOMBRE GEOGRÁFICO | |
| Nombre geográfico | Perú |
| Subdivisión general | Comercio |
| 9 (RLIN) | 32177 |
| 650 #4 - PUNTO DE ACCESO ADICIONAL DE MATERIA--TÉRMINO DE MATERIA | |
| Término de materia o nombre geográfico como elemento de entrada | Economía informal |
| Subdivisión geográfica | Perú |
| 9 (RLIN) | 32178 |
| 700 1# - PUNTO DE ACCESO ADICIONAL--NOMBRE DE PERSONA | |
| Nombre de persona | Ghersi, Enrique. |
| 9 (RLIN) | 32179 |
| 700 1# - PUNTO DE ACCESO ADICIONAL--NOMBRE DE PERSONA | |
| Nombre de persona | Ghibellini, Mario. |
| 9 (RLIN) | 32180 |
| 710 1# - PUNTO DE ACCESO ADICIONAL--NOMBRE DE ENTIDAD CORPORATIVA | |
| Nombre de entidad corporativa o nombre de jurisdicción como elemento de entrada | Instituto Libertad y Democracia (Lima, Peru) |
| 9 (RLIN) | 32181 |
| 910 ## - DATOS DE OPCIÓN DEL USUARIO (OCLC) | |
| Datos de opción del usuario | Catalogación derivada |
| Estado de retiro | Estado de pérdida | Restricciones de uso | No para préstamo | Código de colección | Localización permanente | Ubicación/localización actual | Ubicación en estantería | Fecha de adquisición | Número de inventario | Total de préstamos | Signatura topográfica completa | Código de barras | Fecha visto por última vez | Precio válido a partir de | Tipo de ítem Koha | Número de copia |
|---|---|---|---|---|---|---|---|---|---|---|---|---|---|---|---|---|
| Préstamo interno | Monografías: Libros y Folletos | General | General | Depósito | 08.12.2009 | LF1 | 381.0985 S718ó | 14250-10 | 25.06.2020 | 25.06.2020 | Préstamo interno | |||||
| Excluido de préstamo | Monografías: Libros y Folletos | General | General | Depósito | 29.01.2014 | LF1 | 381.0985 S718ó | 14250-20 | 25.06.2020 | 25.06.2020 | No se presta | e. 2 |
